• 首页
  • 本馆介绍
  • 公告通知
  • 最新文献
  • 馆藏检索
  • 电子资源
  • 读者导购
  • 参考咨询
  • 我的图书馆
  • 登录
  • 详细信息显示
  • 放入我的书架
  • 预约/预借图书
  • 作者相关作品
  • 分类相关作品
  • 丛书相关作品
  • 出版社相关作品

书目信息

  • 表格格式
  • 工作单格式
  • 卡片格式
题名:
钻井与开发中的地球物理测井
    
 
作者: 戴斯布朗德 著 ;曾米兰 , 唐振宜 译
分册:  
出版信息: 北京   石油工业出版社  1987.2
页数: 341页
开本: 26cm
丛书名:
单 册:
中图分类: TE14
科图分类:
主题词: 油田--工程地质
电子资源:
ISBN:
000 00655nam0 2200217 45
001 0312221749
005 20031222170910.6
010    @dCNY4.45
100    @a20031222d1987 km y0chiy0120 ea
101    @achi
105    @a z 000yy
200 1  @a钻井与开发中的地球物理测井@AZuan Jing Yu Kai Fa Zhong De Di Qiu Wu Li Ce Jing@f(法)戴斯布朗德著@F(Fa)Dai Si Bu Lang De Zhu@g曾米兰,唐振宜等译
210    @a北京@c石油工业出版社@d1987.2
215    @a341页@d26cm
606 0  @a油田@x工程地质
690    @aTE14@v3
701 0  @a戴斯布朗德@4著
702 0  @a曾米兰@4译
702 0  @a唐振宜@4译
801    @aCN@bTSTCL@c20031222
905    @a213230@dTE14@e2@b203494@f1
    
    钻井与开发中的地球物理测井/(法)戴斯布朗德著/曾米兰,唐振宜等译.-北京:石油工业出版社,1987.2
    341页;26cm
    
    
    ISBN :CNY4.45
    
●
相关链接 在E读中查询图书 在五车中查询图书 在当当中查询图书 在豆瓣中查询图书


正题名:钻井与开发中的地球物理测井     索取号:TE14/2         预约/预借

序号 登录号 条形码 馆藏地/架位号 状态 备注
1 0203494   001361813   第二样本阅览室/ [索取号:TE14/2] 在馆    
唐山师范学院图书馆 欢迎您!
大连网信软件有限公司© 版权所有